Entry Personal Name
Number of records used in: 1
001 - CONTROL NUMBER
003 - CONTROL NUMBER IDENTIFIER
005 - DATE AND TIME OF LATEST TRANSACTION
- control field:
20230907141225.0
008 - FIXED-LENGTH DATA ELEMENTS
- fixed length control field:
800711n| azannaabn |a aaa
010 ## - LIBRARY OF CONGRESS CONTROL NUMBER
- LC control number:
n 80063901
035 ## - SYSTEM CONTROL NUMBER
- System control number:
(OCoLC)oca00445513
040 ## - CATALOGING SOURCE
- Original cataloging agency:
DLC
- Language of cataloging:
eng
- Description conventions:
rda
- Transcribing agency:
DLC
- Modifying agency:
DLC
- Modifying agency:
MdRoLAC
046 ## - SPECIAL CODED DATES
- Birth date:
1945-05-04
- Source of date scheme:
edtf
100 1# - HEADING--PERSONAL NAME
- Personal name:
Mishra, Vijay
372 ## - FIELD OF ACTIVITY
- Field of activity:
English
- Field of activity:
Literature
- Source of term:
lcsh
373 ## - ASSOCIATED GROUP
- Associated group:
Murdoch University
- Associated group:
Australian National University
- Associated group:
University of Oxford
- Source of term:
naf
374 ## - OCCUPATION
- Occupation:
College teachers
- Occupation:
English teachers
- Occupation:
Literature teachers
- Source of term:
lcsh
375 ## - GENDER
- Gender:
Males
- Source of term:
lcdgt
400 0# - SEE FROM TRACING--PERSONAL NAME
- Personal name:
Vijay Mishra
670 ## - SOURCE DATA FOUND
- Source citation:
Rama's banishment, 1979 (a.e.)
- Information found:
t.p. (Vijay Mishra) p. v, etc. (Vijay C. Mishra, Australian Nat. Univ., Canberra; 3d gen. Fiji Indian; BA (Vict., NZ and Macquarie), MA (Sydney))
670 ## - SOURCE DATA FOUND
- Source citation:
Hodge, B. Dark side of the dream, 1991:
- Information found:
t.p. (Vijay Mishra)
670 ## - SOURCE DATA FOUND
- Source citation:
His The gothic sublime, c1993:
- Information found:
CIP t.p. (Vijay Mishra) data sheet (b. 05-04- 1945)
670 ## - SOURCE DATA FOUND
- Source citation:
Mishra, Vijay. Salman Rushdie and the genesis of secrecy, 2019:
- Information found:
eCIP title page (Vijay Mishra) data view (Vijay Mishra is Professor of English and Comparative Literature at Murdoch University, Australia. He has two doctorates, the first from the Australian National University in Medieval Indian Poetry and Aesthetics, the second from the University of Oxford in 18th-Century English Literature)